Утилизация шлама железного купороса; Экология и промышленность России; № 1

Detaylı Bibliyografya
Parent link:Экология и промышленность России: ежемесячный общественный научно-технический журнал.— , 2001-
№ 1.— 2002.— С. 14-17
Yazar: Фоменко А. И.
Dil:Rusça
Baskı/Yayın Bilgisi: 2002
Seri Bilgileri:Инженерные решения
Konular:
Materyal Türü: MixedMaterials Kitap Bölümü
KOHA link:https://koha.lib.tpu.ru/cgi-bin/koha/opac-detail.pl?biblionumber=381919

MARC

LEADER 00000naa2a2200000 4500
001 381919
005 20231101062907.0
035 |a (RuTPU)RU\TPU\prd\5140 
090 |a 381919 
100 |a 20020625a2002 k y0rusy50 ca 
101 0 |a rus 
102 |a RU 
200 1 |a Утилизация шлама железного купороса  |f А. И. Фоменко 
225 1 |a Инженерные решения 
320 |a Библиогр.: 4 назв. 
461 1 |0 (RuTPU)RU\TPU\prd\1141  |t Экология и промышленность России  |o ежемесячный общественный научно-технический журнал  |d 2001- 
463 1 |0 (RuTPU)RU\TPU\prd\2123  |t № 1  |v С. 14-17  |d 2002 
610 1 |a шлам 
610 1 |a утилизация 
610 1 |a железный купорос 
610 1 |a сульфаты железа 
610 1 |a серная кислота 
610 1 |a производство 
610 1 |a переработка 
700 1 |a Фоменко  |b А. И. 
801 1 |a RU  |b 63413507  |c 20020625  |g PSBO 
801 2 |a RU  |b 63413507  |c 20050121  |g PSBO 
942 |c BK